000
00302nam a2200121Ia 4500
008
220204s9999 xx 000 0 und d
082
_a
631.462
_b
LAW
100
_a
LAWRENCE, W J C
245
0
_a
Soil sterilization
260
_a
London
_b
George Allen& Unwin
650
_a
Soil sterilization
942
_c
BK
999
_c
19610
_d
19610